Relational Management and Display of Site Environmental Data : (Record no. 599846)

MARC details
000 -LEADER
fixed length control field 00506nam a2200193 a 4500
008 - FIXED-LENGTH DATA ELEMENTS--GENERAL INFORMATION
fixed length control field 251203s2002##################000#0#eng##
020 ## - INTERNATIONAL STANDARD BOOK NUMBER
ISBN 9781566765916
082 04 - DEWEY DECIMAL CLASSIFICATION NUMBER
Classification number 628.50287
Item number RIC
100 1# - MAIN ENTRY--AUTHOR NAME
Personal name Rich, David William,
245 10 - TITLE STATEMENT
Title Relational Management and Display of Site Environmental Data :
260 ## - PUBLICATION, DISTRIBUTION, ETC. (IMPRINT)
Year of publication 2002.
300 ## - PHYSICAL DESCRIPTION
Number of Pages 456 pages
650 #0 - SUBJECT ADDED ENTRY--TOPICAL TERM
Topical Term Database management.
942 ## - ADDED ENTRY ELEMENTS (KOHA)
Koha item type English Books
Holdings
Withdrawn status Lost status Damaged status Not for loan Home library Current library Shelving location Date acquired Full call number Accession Number Price effective from Koha item type
        Anna Centenary Library Anna Centenary Library 6TH FLOOR, A WING 03.12.2025 628.50287 RIC 289608 03.12.2025 English Books

Find us on the map